| 000 | 00612nam a22001937a 4500 | ||
|---|---|---|---|
| 999 |
_c15289 _d15289 |
||
| 003 | AR-CdUCM | ||
| 008 | 190426b ||||| |||| 00| 0 spa d | ||
| 040 |
_aMUNICIPALIDAD PROVINCIAL DEL CUSCO _cBIBLIOTECA MUNICIPAL DEL CUSCO |
||
| 082 |
_aC / 869.50 / _bN56 |
||
| 100 |
_aNieto, Luis _911864 |
||
| 245 | _a2 poetas cuzqueños / | ||
| 260 |
_aCuzco : _bUnsaac, _c1965. |
||
| 300 |
_a87 + 50 hojas ; _c21 cm. |
||
| 505 | _aAbraham Vizcarra Echave -- Carmela Perea de Thompson | ||
| 650 |
_aAbraham Vizcarra Echave _934333 |
||
| 650 |
_aCarmela Perea de Thompson _934334 |
||
| 942 |
_2ddc _cLIBROS |
||
| 945 | _awfj | ||